Estatísticas para Todos times de Brasil e Argentina que já participaram da libertadores até 2016

Clique aqui para jogar o quiz

Estatísticas Gerais

  • Esse quiz foi jogado 554 vezes
  • A pontuação média é 36 de 48

Estatísticas das Respostas

HintResposta% Correto
ArgentinaBoca Juniors
98%
BrasilFlamengo
98%
BrasilGremio
98%
BrasilInternacional
98%
BrasilPalmeiras
98%
BrasilSao paulo
98%
BrasilAtletico mineiro
97%
BrasilCorinthians
97%
BrasilFluminense
97%
ArgentinaRiver Plate
97%
BrasilSantos
97%
BrasilVasco
97%
BrasilBotafogo
96%
BrasilCruzeiro
96%
BrasilAtlético Paranaense
94%
BrasilBahia
93%
BrasilSport
91%
BrasilCoritiba
89%
ArgentinaIndependiente
87%
ArgentinaRacing Club
84%
BrasilSão Caetano
83%
ArgentinaSan Lorenzo
82%
BrasilGuarani
81%
BrasilJuventude
81%
ArgentinaEstudiantes
80%
BrasilSanto andré
80%
BrasilGoias
78%
BrasilPaysandu
78%
BrasilCriciuma
76%
ArgentinaVélez sarfield
73%
BrasilNautico
71%
BrasilParana
71%
BrasilPaulista
71%
BrasilBangu
68%
ArgentinaRosário Central
65%
ArgentinaNewell's Old Boys
64%
ArgentinaLanús
63%
ArgentinaArgentino Juniors
55%
ArgentinaBanfield
50%
ArgentinaTalleres
46%
ArgentinaColón
45%
ArgentinaGodoy Cruz
44%
ArgentinaHurácan
44%
ArgentinaTigre
43%
ArgentinaArsenal
40%
ArgentinaGimnasia y esgrima
39%
ArgentinaQuilmes
27%
ArgentinaFerro Carril Oeste
20%

Distribuição das Pontuações

Percentil de Números Respondidos

Porcentagem de Pessoas com Cada Pontuação

Sua Pontuação Histórica

Você não jogou esse quiz